Be An Editor - Sudden Death - Statistics

General Stats
  • This quiz has been taken 175 times
  • The average score is 9 of 16
Answers on the Grid
Answers color-coded by a green-red scale on the quiz's grid according to % correct below.
Early on Tuesday,
an unknown person
nonchalantly entered
a stationary store.
Allegedly; he wanted
something to wright
his pal, Joey. When
the clerk reccommended
a simple fountain pen,
the customer lost it.
According to the clerk,
the unidentifide man
began to horde all the
pen’s in his pouch.
When the clerk axed
the Man to leave,
the person lept onto
the cash register.
After several bounces,
a previous customer
recieved a notification
of a bounced payment!
This criminal effected
the hole day’s accounts!
Finally, the mystery
customer was ushered
out, with many effort.
The clerk reports that
the alleged perpetrator
seemed very jumpy as
he hopped a way in to
the Australian outback,
 
Answer Stats
Answer % Correct
Write something to wright
91%
Allegedly, he Allegedly; he wanted
78%
Unidentified the unidentifide man
70%
Whole the hole day’s accounts!
64%
Asked When the clerk axed
63%
man the Man to leave,
62%
Pens pen’s in his pouch.
61%
Affected This criminal effected
60%
Much out, with many effort.
54%
Recommended the clerk reccommended
52%
Away into he hopped a way in to
51%
Leapt the person lept onto
45%
Stationery store a stationary store.
43%
Hoard began to horde all the
42%
Received recieved a notification
38%
Australian Outback. the Australian outback,
34%
No matching quizzes found
Score Distribution
Percent of People with Each Score
Percentile by Number Answered
Your Score History
You have not taken this quiz